000 01258nam1a2200265 i 4500
001 RU\NLR\bibl\2033111
005 20260406015529.0
035 _a(NLR Aleph) 002069797
090 _a4743379
_c4743379
100 _a20130515g20099999u y0rusy50 ca
101 0 _arus
102 _aRU
105 _a||||z |||||
200 1 _aТехнологии социальной работы
_eтексты лекций
_fС.С. Смирнов
_gМ-во образования и науки Рос. Федерации, Федер. агентство по образованию, Юж.-Урал. гос. ун-т, Каф. информац. безопасности
210 _aЧелябинск
_cИздательский центр ЮУрГУ
_d2009
215 _d21
463 0 _10011968239
606 1 _aСоциальная работа
_jУчебные издания для высших учебных заведений
_92037175
_3RU\NLR\auth\661223020
686 _aС550.473я73
700 1 _4070
_8rus
_7ca
_aСмирнов
_bС. С.
_cд-р ист. наук
_f1945-
_gСергей Сергеевич
_3RU\NLR\auth\77121005
_9103930
801 0 _aRU
_bNLR
_c20130515
_gRCR
801 1 _aRU
_bNLR
_c20130515
852 _aNLR
_j2012-3/34412
942 _cBOOK